02117nam a22001577a 4500999001900000008004100019100003300060245008800093260003500181300003400216520153800250773003501788906002001823942000701843952010901850 c525529d525529240319b ||||| |||| 00| 0 eng d aChiarello, Elizabeth 950312 aTrojan Horse technologies: Smuggling criminal-legal logics into healthcare practice aAmerican Sociological Review  a88(6), Dec, 2023: p.1131-1160 aIn the throes of an intractable overdose crisis, U.S. pharmacists have begun to engage in an unexpected practice—policing patients. Contemporary sociological theory does not explain why. Theories of professions and frontline work suggest professions closely guard jurisdictions and make decisions based on the logics of their own fields. Theories of criminal-legal expansion show that non-enforcement fields have become reoriented around crime over the past several decades, but past work largely focuses on macro-level consequences. This article uses the case of pharmacists and opioids to develop a micro-level theory of professional field reorientation around crime, the Trojan Horse Framework. Drawing on 118 longitudinal and cross-sectional interviews with pharmacists in six states, I reveal how the use of prescription drug monitoring programs (PDMPs)—surveillance technology designed for law enforcement but implemented in healthcare—in conjunction with a set of field conditions motivates pharmacists to police patients. PDMPs serve as Trojan horse technologies as their use shifts pharmacists’ routines, relationships with other professionals, and constructions of their professional roles. As a result, pharmacists route patients out of the healthcare system and leave them vulnerable to the criminal-legal system. The article concludes with policy recommendations and a discussion of future applications of the Trojan Horse Framework.- Reproduced https://journals.sagepub.com/doi/full/10.1177/00031224231209445  aAmerican Sociological Review  aHEALTH SERVICES cAR 00102ddc40709400591aIIPAbIIPAd2024-03-19h88(6), Dec, 2023: p.1131-1160pAR131327r2024-03-19yAR